Los métodos de la lógica (Registro nro. 5853)

Detalles MARC
000 -LEADER
fixed length control field 00685 a2200193 4500
001 - CONTROL NUMBER
control field 54967
005 - DATE AND TIME OF LATEST TRANSACTION
control field 20260407155825.0
008 - FIXED-LENGTH DATA ELEMENTS--GENERAL INFORMATION
fixed length control field 260407a1967 arg spa d
003 - CONTROL NUMBER IDENTIFIER
control field AR-UNSa-BCEJYS
040 ## - CATALOGING SOURCE
Original cataloging agency AR-UNSa-BCEJYS
Language of cataloging spa
Transcribing agency AR-UNSa-BCEJYS
080 ## - UNIVERSAL DECIMAL CLASSIFICATION NUMBER
Universal Decimal Classification number 16
Common auxiliary subdivision Lógica. Epistemología. Teoría del conocimiento
100 1# - MAIN ENTRY--PERSONAL NAME
Personal name Quine, Willard Van Orman
245 10 - TITLE STATEMENT
Title Los métodos de la lógica
264 #1 - PRODUCTION, PUBLICATION, DISTRIBUTION, MANUFACTURE, AND COPYRIGHT NOTICE
Place of production, publication, distribution, manufacture Barcelona :
Name of producer, publisher, distributor, manufacturer Ediciones Ariel
Date of production, publication, distribution, manufacture, or copyright notice 1967
300 ## - PHYSICAL DESCRIPTION
Extent 362 p.
Dimensions 22 cm.
505 ## - FORMATTED CONTENTS NOTE
Formatted contents note 1. Funciones veritativas – 2. Cuantificación uniforme – 3. Teoría general de la cuantificación – 4. Perspectivas ulteriores
590 ## - LOCAL NOTE (RLIN)
Local note niveau_biblio:m niveau_hierar:0
942 ## - ADDED ENTRY ELEMENTS (KOHA)
Koha item type
Existencias
Withdrawn status Lost status Damaged status Not for loan Home library Current library Shelving location Date acquired Total checkouts Full call number Barcode Date last seen Price effective from Koha item type
        Biblioteca Prof. Eusebio Cleto del Rey Biblioteca Prof. Eusebio Cleto del Rey   07/04/2026   16 Q7 L21750 07/04/2026 07/04/2026 Libro
        Biblioteca Prof. Eusebio Cleto del Rey Biblioteca Prof. Eusebio Cleto del Rey   07/04/2026   16 Q7 L20967 07/04/2026 07/04/2026 Libro